000 01226nam2a2200277 4500
001 RU\NLR\BIBL_A\022750115
005 20260409102056.0
010 _a978-5-907874-27-5
_92700
021 _aRU
_bАЛ-П-26-00002и
_9АЛ-П-26-0001
035 _a(NLR Aleph) 022750115
090 _a13634453
_c13634453
100 _a20260311d2024 u y0rusy50 ca
101 0 _arus
102 _aRU
105 _aa t 000ay
200 1 _aСвязанные кровью
_f[художники: Константин Тарасов, Сергей Яковлев]
210 _d2024
215 _a[126] с.
_cил., цв. ил.
300 _aНа обл. авт.: Волков, Тарасов, Мартинович, Яковлев, Сёмышева
333 _a18+
461 0 _1001RU\NLR\BIBL_A\022660541
_12001#$aМрак$e[книга комиксов]$fBabble$g[сценарист: Алексей Волков$gхудожники: Сергей Яковлев, Вячеслав Маширо]$vКн. 2
_913470351
_cМосква
_d2025-
_fBabble
_nБабл
_o[книга комиксов]
_tМрак
_vКн. 2
942 _cBOOK
980 _aNB